LEADER 01220nam0-2200349---450 001 990004322890403321 005 20230118123116.0 010 $a0-919473-82-2 035 $a000432289 100 $a19990604d1991----km-y0itay50------ba 101 0 $aeng 102 $aCA 105 $af-------101yy 200 1 $a<>surrealist adventure in Spain$fedited by C. Brian Morris 210 $aOttawa$cDovehouse$d1991 215 $a346 p., 21 c. di tav$cill.$d23 cm 225 1 $aOttawa Hispanic studies$v6 300 $aVolume pubblicato in occasione dell'International Symposium on Surrealism and Spain, tenuto presso l'UCLA nel 1989 320 $aBibliografia: p. [320]-342 610 0 $aSurrealismo $aCongressi$a1989 610 0 $aSurrealismo $aCongressi$a1989 610 0 $aSpagna$aArte$aSec. 20. 676 $a700.946 702 1$aMorris,$bC. Brian 710 11$aInternational Symposium on Surrealism and Spain$f<1989 ;$eLos Angeles>$0740217 801 0$aIT$bUNINA$gRICA$2UNIMARC 901 $aBK 912 $a990004322890403321 952 $a701.19 CONV LOS ANGELES 1989$bdip.fil.mod. 5808$fFLFBC 959 $aFLFBC 996 $aSurrealist adventure in Spain$91467347 997 $aUNINA LEADER 01376nam a2200373 i 4500 001 991000804439707536 005 20020506124146.0 008 930424s1990 uk ||| | eng 020 $a0582037204$c204500 035 $ab10131887-39ule_inst 035 $aLE00637126$9ExL 040 $aDip.to Fisica$bita 084 $a53.1.34 084 $a510.35 084 $a510.44 084 $a530.1'24 084 $aQA927.a82 100 1 $aAsano, M.$0461024 245 10$aAlgebraic and spectral methods for nonlinear wave equations /$cN. Asano and Y. Kato 260 $aHarlow :$bLongman Scientific and Technical,$c1990 300 $axvii, 417 p. :$bill. ;$c24 cm. 490 0 $aPitman monographs and surveys in pure and applied mathematics ;$v49 500 $aIncludes bibliographical references. 650 4$aDifferential equations, partial-Numerical solutions 650 4$aInverse scattering transform 650 4$aNonlinear waves 650 4$aWave equations-Numerical solutions 700 1 $aKato, Yoshio 907 $a.b10131887$b17-02-17$c27-06-02 912 $a991000804439707536 945 $aLE006 510.35 ASA$g1$i2006000083904$lle006$o-$pE0.00$q-$rl$s- $t0$u0$v0$w0$x0$y.i10154711$z27-06-02 996 $aAlgebraic and spectral methods for nonlinear wave equations$9186072 997 $aUNISALENTO 998 $ale006$b01-01-93$cm$da $e-$feng$guk $h0$i1 LEADER 01055nam 2200313z- 450 001 9910689459103321 005 20161209100752.0 035 $a(CKB)4920000000788395 035 $a(BIP)007918472 035 $a(EXLCZ)994920000000788395 100 $a20220104c2000uuuu -u- - 101 0 $aeng 200 10$aAccession of China to the WTO $ehearing before the Committee on Ways and Means, House of Representatives, One Hundred Sixth Congress, second session, May 3, 2000 215 $a1 online resource (iii, 153 p.) $cill 311 $a0-16-065674-5 517 $aAccession of China to the WTO 606 $aHuman rights$zChina 607 $aUnited States$xForeign economic relations$zChina 607 $aChina$xForeign economic relations$zUnited States 610 $aWorld trade organization 610 $aHuman rights 610 $aUnited States 610 $aChina 610 $aPolitical science 615 0$aHuman rights 906 $aBOOK 912 $a9910689459103321 996 $aAccession of China to the WTO$93139983 997 $aUNINA